[Event "Arab-ch U14 Girls"]
[Site "Baghdad"]
[Date "2022.03.15"]
[Round "7"]
[White "Fawaz, Nadia"]
[Black "Malak, Mahdi Attiyah"]
[Result "1-0"]
[WhiteElo "1172"]
[BlackElo "1178"]
[PlyCount "119"]
[EventDate "2022.03.10"]
[EventType "swiss"]
[EventRounds "9"]
[EventCountry "IRQ"]
[SourceTitle "EXT 2023"]
[Source "ChessBase"]
[SourceDate "2022.10.05"]
[SourceVersion "1"]
[SourceVersionDate "2022.10.05"]
[SourceQuality "1"]

1. d4 d5 2. c4 c6 3. Nc3 Nf6 4. Bf4 e6 5. Nf3 Be7 6. e3 Nbd7 7. Bd3 0-0 8. 0-0 Re8 9. c5 Nf8 10. Ne5 N8d7 11. b4 a5 12. b5 Nxe5 13. Bxe5 Bd7 14. b6 Rf8 15. Qf3 Be8 16. Qh3 h6 17. f4 Bd7 18. Rf3 Kh8 19. g4 Ng8 20. g5 f6 21. Bc7 Qe8 22. gxh6 Nxh6 23. f5 Qf7 24. Bf4 exf5 25. Rg3 Kh7 26. Bxh6 gxh6 27. Bxf5+ Bxf5 28. Qxf5+ Kh8 29. Kh1 Qh7 30. Qxh7+ Kxh7 31. Rag1 Rf7 32. Ne2 Raf8 33. Nf4 Re8 34. Ne6 Bf8 35. Nxf8+ Rexf8 36. h4 h5 37. a4 Re8 38. Kg2 Rg7 39. Kf3 Rxg3+ 40. Rxg3 Re4 41. Rh3 Rg4 42. Kf2 Kg6 43. Rg3 Kh6 44. Rf3 Kg6 45. Rf4 f5 46. Ke2 Rg2+ 47. Rf2 Rg1 48. Rf1 Rxf1 49. Kxf1 f4 50. e4 dxe4 51. d5 cxd5 52. c6 e3 53. cxb7 f3 54. b8Q Kf5 55. Qd6 Ke4 56. Qe6+ Kd4 57. b7 f2 58. b8Q e2+ 59. Kxf2 e1Q+ 60. Kxe1 1-0

[Event "Arab-ch U14 Girls"]
[Site "Baghdad"]
[Date "2022.03.12"]
[Round "3"]
[White "Eman, Sawan"]
[Black "Malak, Mahdi Attiyah"]
[Result "1-0"]
[WhiteElo "1834"]
[BlackElo "1178"]
[PlyCount "127"]
[EventDate "2022.03.10"]
[EventType "swiss"]
[EventRounds "9"]
[EventCountry "IRQ"]
[SourceTitle "EXT 2023"]
[Source "ChessBase"]
[SourceDate "2022.10.05"]
[SourceVersion "1"]
[SourceVersionDate "2022.10.05"]
[SourceQuality "1"]

1. e4 e5 2. Nf3 Nc6 3. Bc4 Bc5 4. c3 Nf6 5. d3 d6 6. 0-0 0-0 7. h3 h6 8. Re1 Be6 9. Nbd2 Re8 10. Bxe6 fxe6 11. Nf1 Qd7 12. d4 exd4 13. cxd4 Bb6 14. Ng3 Rad8 15. a3 a5 16. b3 e5 17. dxe5 dxe5 18. Qxd7 Nxd7 19. Be3 Nd4 20. Bxd4 exd4 21. b4 axb4 22. axb4 Nf6 23. Rad1 Re7 24. e5 Nd5 25. Nf5 Ree8 26. N5xd4 Nxb4 27. e6 c5 28. Nf5 Rxd1 29. Rxd1 Rxe6 30. Rd7 c4 31. Rxg7+ Kf8 32. Rxb7 c3 33. Rb8+ Kf7 34. N5d4 c2 35. Nxc2 Nxc2 36. Rb7+ Kf6 37. Rd7 Ne1 38. Nxe1 Rxe1+ 39. Kh2 Bxf2 40. Rd3 h5 41. Rf3+ Kg5 42. Rxf2 h4 43. Ra2 Kf4 44. Ra4+ Re4 45. Ra8 Re6 46. Rg8 Re2 47. Rg4+ Kf5 48. Rxh4 Kg5 49. Rg4+ Kh5 50. Kg3 Rb2 51. Rf4 Rb3+ 52. Rf3 Rb4 53. Re3 Ra4 54. Re5+ Kg6 55. Kf3 Rh4 56. Re4 Rh5 57. Rg4+ Kf7 58. Kg3 Kf6 59. h4 Rf5 60. Rf4 Rxf4 61. Kxf4 Kg6 62. g4 Kh6 63. Kf5 Kg7 64. g5 1-0